000 00529nam a2200133 a 4500
008 120416s1982 ||||||||||||||||| || u
050 _aHV 801.L5 Des
100 _aChan, Stephen
245 1 0 _aDesign of training programmes for youth
_cedited by Stephen Chan
260 _aLusaka
_bCommonwealth Youth programme Africa Cent
_c1982
300 _a120p. : ill.
350 _a0.00
995 _D0.00
_FCBU-MAIN LIBRARY (Kitwe)
_H1
_I0.00
_UAVAILABLE
_ZAnnex Low-Usage Collection
999 _c39757
_d39757